000 00405nam a22001697a 4500
005 20160625154300.0
008 160625b xxu||||| |||| 00| 0 eng d
020 _a0-534-57933-7
041 _aeng
082 _b10237
100 _aDemies, Everatte E and Merrill, John C
_92805
245 _aMedia Debates
260 _bWardsworth
300 _a202
650 _aMass Communication
_92660
942 _cBK
999 _c4061
_d4060